| 000 | 00608nam a22001937a 4500 | ||
|---|---|---|---|
| 005 | 20251108164219.0 | ||
| 008 | 250721s1991 xx 000 0 ara d | ||
| 082 | 1 | 4 | _a327.16/ميت |
| 100 | 1 | _aميشتيل، س . ر | |
| 245 | 1 | 0 | _aعمليات النزاع / |
| 246 | 1 | 1 | _aConflict processe |
| 264 | 1 |
_aالقاهرة : _bدار البيادر للنشر و التوزيع، _c1991. |
|
| 300 | _a32ص | ||
| 490 | 0 | _aمقالات في الإستراتيجية : ترجمات | |
| 650 | 1 | 7 | _aالصراع الدولي |
| 650 | 1 | 7 | _aالعلاقات الدولية |
| 942 |
_2ddc _cBK |
||
| 999 |
_c6543 _d6543 |
||